Pays ayant accueilli au moins 10 GP en Formule 1 : Mort subite - Statistiques

Statistiques générales
  • Ce quiz a été pris 189 fois
  • Le résultat moyen est 9 sur 18
Answers on the Grid
Answers color-coded by a green-red scale on the quiz's grid according to % correct below.
France
Royaume-Uni
Russie
Maroc
Pologne
Allemagne
Japon
Afrique du Sud
Thaïlande
Inde
Etats-Unis
Qatar
Arabie Saoudite
Brésil
Italie
Malaisie
Monaco
Azerbaïdjan
Corée du Sud
Pays-Bas
Hongrie
Mexique
Singapour
Suède
Suisse
Argentine
Turquie
Émirats Arabes Unis
Autriche
Canada
 
Statistiques - réponses
Réponse % Correct
Royaume-Uni
91%
France
85%
Allemagne
74%
Japon
74%
Etats-Unis
70%
Italie
68%
Monaco
67%
Brésil
60%
Canada
52%
Pays-Bas
47%
Autriche
38%
Hongrie
38%
Mexique
38%
Singapour
36%
Émirats Arabes Unis
31%
Malaisie
23%
Afrique du Sud
19%
Argentine
15%
Aucun quiz correspondant
Distribution des résultats
% des personnes avec chaque résultat
Percentile par nombre de réponses
Votre historique - résultats
Vous n’avez pas pris ce quiz